1523 1262 1658 1075 1270 1155 1722 1274 1546 1999 1260 1661 1862 1787 1046 1824 1943 1699 1265 1649 1013 1742 1419 1260 1242 1194 1335 1898 1532 1576 1719 1148 1487 1262 1620 1287 1715 1369 1045 1098 1888 1789 1148 1420 1372 1258 1396 1753 1254 1635 1925 1508 1952 1773 1506 1284 1164 1616 1761 1993 1031 1223 1658 1311 1991 1786 1869 1554 1170 1818 1197 1069 1176 1674 1721 1069 1918 1180 1269 1486 1438 1174 1565 1127 1054 1411 1047 1614 1165 1160 1955 1639 1523 1447 1311 1052 1205 1055 1955 BCNSPRNW ULIB Ver.6.0+V

เปลี่ยนเป็นภาษาไทย

Change to English
 แสดงรายละเอียดบรรณานุกรม
  กลับหน้าหลัก

Brief Record : Get Marc (ISO 2709) : E-mail record : QR code < ปิดหน้าต่าง
LEADER : 00000nam a2200000Ia 4500
001    13399125366
003     ULIB
008    160311s2559 th a b 001 0 tha d
020    ^a9786168035030
060 04 ^aWJ300^bM294
245 00 ^aManual of nephrology /^cบรรณาธิการ, บัญชา สถิระพจน์ ...[และคนอื่นๆ]
250    ^aพิมพ์ครั้งที่ 1
260    ^aกรุงเทพฯ :^bโครงการตำรา วิทยาลัยแพทยศาสตร์พระมงกุฎเกล้า,^c2559
300    ^a387 หน้า :^bภาพประกอบ ;^c20 ซม.
504    ^aมีบรรณานุกรมและดัชนี
650  2 ^aNephrology
650  2 ^aKidney Diseases
650  4 ^aไต, โรค
650  4 ^aไต, โรค^xการวินิจฉัย
650  4 ^aไต, โรค^xการรักษา
700 0  ^aบัญชา สถิระพจน์,^eบรรณาธิการ
710 2  ^aวิทยาลัยแพทยศาสตร์พระมงกุฎเกล้า.^bโครงการตำรา
945    ^p300^l0^i23943
945    ^p300^l0^i23944
945    ^p300^l0^i23945
945    ^p300^l0^i23946
995    ^aกัณชพร
999    ^aกัณชพร
รายการนี้ยังไม่มีแท็ก
คุณยังไม่ได้ล็อกอิน คุณสามารถมีกิจกรรมร่วมกับเว็บไซต์ได้ แต่ต้องล็อกอินก่อน ::
  ล็อกอิน

รายการสื่อสารสนเทศ

ลำดับที่ ประเภท เลขเรียก/บาร์โค้ด สถานที่ สถานะ
1. วิทยาศาสตร์การแพทย์ และสุขภาพ
วิทยาศาสตร์การแพทย์ และสุขภาพ
สถานะ=หนังสือเก่า
WJ300 M294 ฉ.1 
  Barcode: 23943
ห้องสมุดวิทยาเขตนครสวรรค์
►ส่วนจัดเก็บหนังสือเก่า นว.
บนชั้น
  ขอยืม
2. วิทยาศาสตร์การแพทย์ และสุขภาพ
วิทยาศาสตร์การแพทย์ และสุขภาพ
สถานะ=หนังสือเก่า
WJ300 M294 ฉ.2 
  Barcode: 23944
ห้องสมุดวิทยาเขตนครสวรรค์
►ส่วนจัดเก็บหนังสือเก่า นว.
บนชั้น
  ขอยืม
3. วิทยาศาสตร์การแพทย์ และสุขภาพ
วิทยาศาสตร์การแพทย์ และสุขภาพ
WJ300 M294 ฉ.3 
  Barcode: 23945
ห้องสมุดวิทยาเขตนครสวรรค์
►หนังสือทั่วไป:l:General Books
ถูกยืม กำหนดส่งวันที่ 5 พฤษภาคม 2569
  จอง
4. วิทยาศาสตร์การแพทย์ และสุขภาพ
วิทยาศาสตร์การแพทย์ และสุขภาพ
WJ300 M294 ฉ.4 
  Barcode: 23946
ห้องสมุดวิทยาเขตนครสวรรค์
►หนังสือทั่วไป:l:General Books
บนชั้น

รายการใกล้เคียง
    หัวเรื่อง [Nephrology]
    หัวเรื่อง [Kidney Diseases]
    หัวเรื่อง [ไต, โรค]

BibComment


ยังไม่เคยถูกคอมเมนท์

คอมเมนท์ทรัพยากรรายการนี้
  คอมเมนท์: Manual of nephro..


 Copyright 2026. Bcnsprnw @Library